|
|
|
|
| LEADER |
01852nam a2200433 i 4500 |
| 001 |
EBC4354919 |
| 003 |
MiAaPQ |
| 005 |
20200520144314.0 |
| 006 |
m o d | |
| 007 |
cr cnu|||||||| |
| 008 |
160208t20152015enka o 000 0 eng d |
| 020 |
|
|
|z 9781780407395
|
| 020 |
|
|
|a 9781780407401
|q (electronic bk.)
|
| 035 |
|
|
|a (MiAaPQ)EBC4354919
|
| 035 |
|
|
|a (Au-PeEL)EBL4354919
|
| 035 |
|
|
|a (CaPaEBR)ebr11149515
|
| 035 |
|
|
|a (CaONFJC)MIL948273
|
| 035 |
|
|
|a (OCoLC)936192402
|
| 040 |
|
|
|a MiAaPQ
|b eng
|e rda
|e pn
|c MiAaPQ
|d MiAaPQ
|
| 050 |
|
4 |
|a HD4456
|b .A683 2015
|
| 082 |
0 |
|
|a 363.610684
|2 23
|
| 245 |
0 |
0 |
|a AquaRating :
|b an international standard for assessing water and wastewater services /
|c Matthias Krause [and four others].
|
| 264 |
|
1 |
|a London, England :
|b IWA Publishing,
|c 2015.
|
| 264 |
|
4 |
|c 2015
|
| 300 |
|
|
|a 1 online resource (397 pages) :
|b illustrations (some color)
|
| 336 |
|
|
|a text
|2 rdacontent
|
| 337 |
|
|
|a computer
|2 rdamedia
|
| 338 |
|
|
|a online resource
|2 rdacarrier
|
| 588 |
|
|
|a Description based on online resource; title from PDF title page (ebrary, viewed February 8, 2016).
|
| 590 |
|
|
|a Electronic reproduction. Ann Arbor, MI : ProQuest, 2016. Available via World Wide Web. Access may be limited to ProQuest affiliated libraries.
|
| 650 |
|
0 |
|a Water utilities
|x Management.
|
| 650 |
|
0 |
|a Water-supply
|x Management.
|
| 650 |
|
0 |
|a Water treatment plants
|x Management.
|
| 650 |
|
0 |
|a Sewage disposal plants
|x Management.
|
| 655 |
|
4 |
|a Electronic books.
|
| 700 |
1 |
|
|a Krause, Matthias,
|e author.
|
| 776 |
0 |
8 |
|i Print version:
|t AquaRating : an international standard for assessing water and wastewater services.
|d London, England : IWA Publishing, c2016
|h 385 pages
|z 9781780407395
|
| 797 |
2 |
|
|a ProQuest (Firm)
|
| 856 |
4 |
0 |
|u https://ebookcentral.proquest.com/lib/matrademy/detail.action?docID=4354919
|z Click to View
|